000 00266nam a2200109Ia 4500
008 190906s9999||||xx |||||||||||||| ||und||
100 _aTheodore F. Bogart, Jr.
245 0 _aElectric Circuits
260 _aNew york
_bPrentice Hall
_c1992
300 _a933
942 _cBK
999 _c5936
_d5936